Introduction to the theory of bases

Guardat en:
Dades bibliogràfiques
Autor principal: Marti, Jürg T. (autor)
Format: Llibre
Idioma:anglès
Publicat: Nueva York Springer-Verlag 1969
Col·lecció:Springer Tracts in Natural Philosophy, 18
Matèries:
Etiquetes: Afegir etiqueta
Sense etiquetes, Sigues el primer a etiquetar aquest registre!

MARC

LEADER 00000nam a2200000 a 4500
001 UCP0623
003 CL-VaPUC
008 990313e19690000US |||||||||||||||||eng|d
082 0 4 |a 515.73  |b MAR  |2 21 
100 |a Marti, Jürg T.  |e autor  |9 426035 
245 1 0 |a Introduction to the theory of bases 
300 |a 149 p 
942 |c BK 
945 |d 19990313 00:00:00  |a crobeson 
260 |a Nueva York  |b Springer-Verlag  |c 1969 
650 0 |a Espacios vectoriales topológicos   |9 424115 
650 7 |a ESPACIOS DE BANACH  |2 CL-VaPUC  |9 260167 
650 0 |a Espacio de Hilbert   |9 260141 
650 0 |a Álgebras de Banach  |9 271249 
650 0 |a Transformaciones lineales  |9 24 
583 |a last modification  |c 19990313 00:00:00  |k Rodrigo Vera 
490 0 |a Springer Tracts in Natural Philosophy, 18 
999 |c 279386  |d 279384 
952 |0 0  |1 0  |4 0  |6 515_730000000000000_MAR_1969  |7 0  |8 A  |9 318513  |a BIBMAT  |b BIBMAT  |d 2019-11-20  |i 1330004  |o 515.73 MAR 1969  |p 1330004  |r 2025-01-07  |w 2019-11-20  |y BK  |k MAT